[Event "Chessable Masters Div 2 W"]
[Site "chess.com INT"]
[Date "2023.04.03"]
[Round "1.1"]
[White "Abdusattorov, Nodirbek"]
[Black "Giri, Anish"]
[Result "1-0"]
[WhiteTitle "GM"]
[BlackTitle "GM"]
[WhiteElo "2731"]
[BlackElo "2768"]
[WhiteFideId "14204118"]
[BlackFideId "24116068"]
[EventDate "2023.04.03"]
[EventType "k.o."]

1. e4 e5 2. Nf3 Nc6 3. Nc3 Nf6 4. a4 a6 5. d4 exd4 6. Nxd4 Bb4 7. Nxc6 bxc6 8.
Bd3 O-O 9. O-O d5 10. exd5 cxd5 11. Bg5 c6 12. Qf3 h6 13. Bxf6 Qxf6 14. Qxf6
gxf6 15. Ne2 Bd7 16. Ng3 Rfb8 17. a5 Bd6 18. b3 Rb4 19. Nf5 Bxf5 20. Bxf5 Rb7
21. g3 Bb4 22. Ra4 Rab8 23. Bd3 c5 24. Rd1 Ra7 25. Kg2 Kg7 26. Bf1 d4 27. Rd3
Rd8 28. Rf3 Rd6 29. Rf5 Re7 30. Bd3 Re1 31. Kf3 Rh1 32. Kg2 Re1 33. Rf4 Re5 34.
Kf3 Kf8 35. Rf5 Rxf5+ 36. Bxf5 Rd8 37. Bd3 Rd6 38. Bc4 Kg7 39. Ke4 Kf8 40. Kf5
Kg7 41. f4 Bc3 42. g4 Kf8 43. h4 Kg7 44. Bd3 Rd5+ 45. Ke4 Rd6 46. Bc4 Kf8 47.
Kd3 Kg7 48. Ke4 Kf8 49. h5 Kg7 50. Bd5 Rd7 51. Bc6 Rd6 52. Bb7 Kf8 53. Kd3 Ke7
54. Kc4 Bb4 55. Ra1 Re6 56. Bc8 Rc6 57. Bf5 Kd6 58. Rg1 Bd2 59. Rf1 Bxa5 60. Rf2
Rc7 61. g5 fxg5 62. fxg5 hxg5 63. h6 Re7 64. h7 Re8 65. Bg4 Bd8 66. Rxf7 Be7 67.
Bf5 Rh8 68. Kd3 Ke5 69. Bh3 Kd6 70. Ke4 a5 71. Bf5 Bd8 72. Rd7+ Kc6 73. Be6 Bc7
74. Rg7 Bd8 75. Kf5 Kb5 76. Kg6 Kb6 77. Rg8 Bf6 78. Kxf6 Rxh7 79. Rb8+ Kc6 80.
Bf5 Rh2 81. Be4+ Kc7 82. Rb7+ Kd6 83. Rb6+ Kd7 84. Kxg5 Rf2 85. Rb5 1-0

[Event "Chessable Masters Div 2 W"]
[Site "chess.com INT"]
[Date "2023.04.03"]
[Round "1.2"]
[White "Giri, Anish"]
[Black "Abdusattorov, Nodirbek"]
[Result "1/2-1/2"]
[WhiteTitle "GM"]
[BlackTitle "GM"]
[WhiteElo "2768"]
[BlackElo "2731"]
[WhiteFideId "24116068"]
[BlackFideId "14204118"]
[EventDate "2023.04.03"]
[EventType "k.o."]

1. d4 d5 2. c4 e6 3. Nf3 c5 4. cxd5 exd5 5. Nc3 Nf6 6. Bg5 Be6 7. e3 c4 8. Be2
Bb4 9. O-O O-O 10. Ne5 Qa5 11. Bxf6 gxf6 12. Ng4 Nd7 13. Qc2 Rad8 14. f4 Bxc3
15. bxc3 f5 16. Rab1 fxg4 17. f5 Nf6 18. fxe6 fxe6 19. Rf4 Ne4 20. Rxg4+ Kh8 21.
Rxb7 Qxc3 22. Qxc3 Nxc3 23. Bf3 Rb8 24. Rxa7 Rb1+ 25. Kf2 Ne4+ 26. Ke2 Rb2+ 27.
Ke1 Rb1+ 28. Ke2 Rb2+ 29. Ke1 Rb1+ 30. Ke2 1/2-1/2

[Event "Chessable Masters Div 2 W"]
[Site "chess.com INT"]
[Date "2023.04.03"]
[Round "1.3"]
[White "Abdusattorov, Nodirbek"]
[Black "Giri, Anish"]
[Result "1-0"]
[WhiteTitle "GM"]
[BlackTitle "GM"]
[WhiteElo "2731"]
[BlackElo "2768"]
[WhiteFideId "14204118"]
[BlackFideId "24116068"]
[EventDate "2023.04.03"]
[EventType "k.o."]

1. Nf3 d5 2. c4 e6 3. g3 Nf6 4. Bg2 d4 5. O-O Nc6 6. d3 Bc5 7. Bg5 h6 8. Bxf6
Qxf6 9. Nfd2 Qd8 10. Na3 a5 11. Nb5 e5 12. Ne4 Be7 13. c5 O-O 14. Rc1 Be6 15.
Qa4 Bd7 16. Na3 Nb4 17. Qb3 Be6 18. Nc4 b5 19. cxb6 cxb6 20. Qa4 Bd7 21. Qb3 Be6
22. Qa4 Bd7 23. Qb3 a4 24. Qd1 Nxa2 25. Ra1 Nb4 26. Nxe5 b5 27. Nc5 Bh3 28. Bxh3
Bxc5 29. Nd7 Bd6 30. Nxf8 Bxf8 31. Qd2 Nd5 32. Bg2 Bb4 33. Qd1 Rb8 34. Rc1 Bf8
35. Qd2 Bb4 36. Qc2 Bf8 37. Qc6 Nf6 38. Bf3 h5 39. Qc7 b4 40. Qa7 a3 41. bxa3
bxa3 42. Rc4 Rb2 43. Rxd4 Qe8 44. Ra4 g5 45. Qd4 Qe6 46. Ra8 g4 47. Qc5 1-0

[Event "Chessable Masters Div 2 W"]
[Site "chess.com INT"]
[Date "2023.04.03"]
[Round "1.1"]
[White "Vachier-Lagrave, Maxime"]
[Black "Dreev, Aleksey"]
[Result "1-0"]
[WhiteTitle "GM"]
[BlackTitle "GM"]
[WhiteElo "2741"]
[BlackElo "2606"]
[WhiteFideId "623539"]
[BlackFideId "4100107"]
[EventDate "2023.04.03"]
[EventType "k.o."]

1. d4 d5 2. c4 c6 3. Nc3 Nf6 4. Nf3 e6 5. Qd3 Bb4 6. e3 O-O 7. a3 Be7 8. Be2 b6
9. O-O Ba6 10. b3 c5 11. Rd1 Nbd7 12. a4 cxd4 13. exd4 Bb4 14. Bf4 dxc4 15. bxc4
Bxc3 16. Qxc3 Nd5 17. Qd2 Nxf4 18. Qxf4 Rc8 19. Rac1 Qc7 20. Qe3 Rfd8 21. h4 h6
22. h5 Bb7 23. Ne1 Nf6 24. Nd3 Bc6 25. Ra1 Qb7 26. g3 Qc7 27. Ne5 Ba8 28. a5
bxa5 29. Qa3 Nd7 30. Qxa5 Qxa5 31. Rxa5 Nxe5 32. Rxe5 Kf8 33. Ra5 Rc7 34. f3 Bc6
35. Rc5 Rdc8 36. Ra1 Be8 37. Rxc7 Rxc7 38. Kf2 Ke7 39. Ke3 Bc6 40. Bd3 Kd7 41.
g4 Kc8 42. Be4 Bxe4 43. fxe4 Rxc4 44. Rxa7 Rc7 45. Ra8+ Kd7 46. Rg8 e5 47. d5
Rc3+ 48. Ke2 Ke7 49. Rxg7 Ra3 50. g5 hxg5 51. Rxg5 Kd6 52. Rf5 Rh3 53. Kf2 Kc5
54. Rxe5 Kd4 55. Re8 Rxh5 56. d6 Rh2+ 57. Kg3 1-0

[Event "Chessable Masters Div 2 W"]
[Site "chess.com INT"]
[Date "2023.04.03"]
[Round "1.2"]
[White "Dreev, Aleksey"]
[Black "Vachier-Lagrave, Maxime"]
[Result "0-1"]
[WhiteTitle "GM"]
[BlackTitle "GM"]
[WhiteElo "2606"]
[BlackElo "2741"]
[WhiteFideId "4100107"]
[BlackFideId "623539"]
[EventDate "2023.04.03"]
[EventType "k.o."]

1. d4 Nf6 2. Nf3 d5 3. c4 dxc4 4. e3 e6 5. Bxc4 a6 6. O-O c5 7. b3 cxd4 8. Nxd4
Be7 9. Bb2 O-O 10. Be2 b5 11. a4 bxa4 12. Rxa4 Bb7 13. Nd2 Nbd7 14. Qa1 Nc5 15.
Ra5 Qb6 16. Nc4 Qc7 17. Ra2 Bd5 18. Rc1 Rab8 19. Na5 Qb6 20. Nc4 Qb7 21. Na5 Qb6
22. f3 Rfc8 23. Nc4 Qa7 24. Ra3 Nfd7 25. Rd1 Bf8 26. Nd2 Rb6 27. Kf1 Qb8 28. e4
Qxh2 29. exd5 exd5 30. Kf2 Rg6 31. Rg1 Ne5 32. Kf1 Ncd3 33. b4 Nf4 34. Rxa6 Nh3 0-1

[Event "Chessable Masters Div 2 W"]
[Site "chess.com INT"]
[Date "2023.04.03"]
[Round "1.3"]
[White "Vachier-Lagrave, Maxime"]
[Black "Dreev, Aleksey"]
[Result "1/2-1/2"]
[WhiteTitle "GM"]
[BlackTitle "GM"]
[WhiteElo "2741"]
[BlackElo "2606"]
[WhiteFideId "623539"]
[BlackFideId "4100107"]
[EventDate "2023.04.03"]
[EventType "k.o."]

1. e4 c5 2. Nf3 e6 3. g3 d5 4. exd5 exd5 5. d4 Nc6 6. Bg2 Bg4 7. O-O Nf6 8. Re1+
Be7 9. dxc5 O-O 10. h3 Bh5 11. g4 Bg6 12. Be3 h5 13. g5 Ne4 14. Nc3 Nxc3 15.
bxc3 Be4 16. Rb1 Qd7 17. c4 Rad8 18. cxd5 Bxd5 19. Nh4 Bxg2 20. Qxd7 Rxd7 21.
Kxg2 g6 22. f4 Na5 23. Nf3 f6 24. Bd4 Nc6 25. c3 fxg5 26. fxg5 Rf5 27. Re6 Kf7
28. Rbe1 Bxg5 29. R6e4 Be7 30. h4 a6 31. Kg3 Bd8 32. Kg2 Re7 33. Ng5+ Ke8 34.
Ne6 Kd7 35. Bf2 Rd5 36. Nf8+ Kc8 37. Rxe7 Nxe7 38. Re2 Rf5 39. Ne6 Nc6 40. Nxd8
Kxd8 41. Re6 g5 42. hxg5 Rxg5+ 43. Kh3 Rf5 44. Bd4 Rf3+ 45. Kg2 Rf5 46. Rh6 a5
47. a4 Rd5 48. Rh8+ Kd7 49. Rh7+ Kc8 50. Bf2 Kb8 51. Kf3 Rf5+ 52. Ke2 Ka7 53.
Be3 Re5 54. Kd3 Ka6 55. Rh8 Ka7 56. Rh7 Rd5+ 57. Ke4 Re5+ 58. Kd3 1/2-1/2

[Event "Chessable Masters Div 2 W"]
[Site "chess.com INT"]
[Date "2023.04.03"]
[Round "1.1"]
[White "Praggnanandhaa, R"]
[Black "Le, Tuan Minh"]
[Result "1-0"]
[WhiteTitle "GM"]
[BlackTitle "GM"]
[WhiteElo "2688"]
[BlackElo "2542"]
[WhiteFideId "25059530"]
[BlackFideId "12401153"]
[EventDate "2023.04.03"]
[EventType "k.o."]

1. e4 c5 2. Nf3 Nf6 3. e5 Nd5 4. Nc3 Nxc3 5. dxc3 Nc6 6. Bf4 Qb6 7. Bd3 h6 8.
O-O e6 9. Re1 Qc7 10. Nd2 d5 11. exd6 Bxd6 12. Bxd6 Qxd6 13. Ne4 Qc7 14. Qg4 O-O
15. Nf6+ Kh8 16. Qe4 g6 17. Qe3 Kg7 18. Ng4 g5 19. Qxc5 Rd8 20. Qc4 Rd5 21. a4
Bd7 22. b4 Rc8 23. Be4 Rd6 24. Rad1 Be8 25. b5 Rxd1 26. Rxd1 Rd8 27. Bd3 f5 28.
bxc6 fxg4 29. Qe4 Qxc6 30. Qh7+ Kf8 31. Qxh6+ Ke7 32. Qxg5+ 1-0

[Event "Chessable Masters Div 2 W"]
[Site "chess.com INT"]
[Date "2023.04.03"]
[Round "1.2"]
[White "Le, Tuan Minh"]
[Black "Praggnanandhaa, R"]
[Result "0-1"]
[WhiteTitle "GM"]
[BlackTitle "GM"]
[WhiteElo "2542"]
[BlackElo "2688"]
[WhiteFideId "12401153"]
[BlackFideId "25059530"]
[EventDate "2023.04.03"]
[EventType "k.o."]

1. d4 Nf6 2. c4 e6 3. Nc3 Bb4 4. e3 O-O 5. Bd3 d5 6. a3 Bxc3+ 7. bxc3 dxc4 8.
Bxc4 c5 9. Ne2 Qc7 10. Ba2 b6 11. O-O Ba6 12. Bb2 Nc6 13. c4 cxd4 14. exd4 Rfd8
15. Rc1 b5 16. cxb5 Bxb5 17. d5 Nxd5 18. Nd4 Qb7 19. Nxb5 Qxb5 20. Qc2 Rac8 21.
Bb1 f5 22. Ba1 Nf4 23. Rcd1 Nd4 24. Qa2 Qc6 25. f3 Nde2+ 26. Kh1 Rxd1 27. Rxd1
Qc5 28. Qb2 Nc3 29. Re1 Qc7 30. Ba2 Nxa2 31. Qxa2 Qc1 32. Qb1 Qd2 33. Rg1 Nd3
34. h3 Nf2+ 35. Kh2 Qf4+ 36. g3 Qh6 37. h4 f4 38. Qb7 Rf8 39. Qe7 Rf7 40. Qe8+
Rf8 41. Qe7 Rf7 42. Qd8+ Rf8 43. Qc7 Nd3 44. Qe7 e5 45. Bxe5 Nxe5 46. Qxe5 fxg3+
47. Qxg3 Qd2+ 48. Rg2 Qd7 49. Qg4 Qe7 50. h5 h6 51. a4 Qc7+ 52. Kh1 Kh8 53. Re2
Qc6 54. Kg2 Qc7 55. Qg6 Qd8 56. Qg4 Qf6 57. Kg1 Qxf3 58. Qxf3 Rxf3 59. Re7 Rf5
60. Rxa7 Rxh5 61. a5 Kh7 62. Kg2 Rf5 63. a6 Rf6 64. Kg3 Kg6 65. Kg4 h5+ 66. Kg3
Rb6 67. Kf3 Rb3+ 68. Kf4 Rb4+ 69. Kg3 Ra4 70. Kf3 Kh6 71. Ra8 h4 72. a7 Kg5 73.
Kg2 Ra3 74. Kf2 Kg4 75. Rb8 Ra2+ 76. Kg1 Rxa7 77. Rb4+ Kh5 78. Kg2 g5 79. Kf3
Ra3+ 80. Kg2 Ra2+ 81. Kg1 h3 82. Kh1 g4 83. Rb3 Kh4 84. Kg1 Ra4 85. Rb1 g3 86.
Kh1 Rf4 87. Kg1 h2+ 0-1

[Event "Chessable Masters Div 2 W"]
[Site "chess.com INT"]
[Date "2023.04.03"]
[Round "1.3"]
[White "Praggnanandhaa, R"]
[Black "Le, Tuan Minh"]
[Result "1-0"]
[WhiteTitle "GM"]
[BlackTitle "GM"]
[WhiteElo "2688"]
[BlackElo "2542"]
[WhiteFideId "25059530"]
[BlackFideId "12401153"]
[EventDate "2023.04.03"]
[EventType "k.o."]

1. e4 c5 2. Nf3 Nf6 3. e5 Nd5 4. Nc3 Nxc3 5. dxc3 Nc6 6. Bf4 e6 7. Bd3 h6 8. O-O
Qc7 9. Re1 b6 10. Nd2 Bb7 11. Ne4 Be7 12. Qh5 g6 13. Qe2 g5 14. Bg3 O-O-O 15.
Qh5 Rdf8 16. Nd2 d5 17. exd6 Bxd6 18. Bxd6 Qxd6 19. Rad1 Qc7 20. Qe2 Kb8 21. a4
Rd8 22. Ba6 Ba8 23. Nc4 Rxd1 24. Rxd1 Rd8 25. Rxd8+ Qxd8 26. h3 Qd5 27. Ne3 Qe4
28. Qh5 Qxa4 29. Bf1 Qf4 30. Qxh6 Kc7 31. g3 Qe5 32. Qf8 Bb7 33. Qxf7+ Kb8 34.
Bg2 Qd6 35. Qg8+ Nd8 36. Qxg5 Bxg2 37. Kxg2 Nc6 38. Qf4 e5 39. Qe4 Kb7 40. h4 b5
41. h5 Kb6 42. Nf5 Qe6 43. h6 Qg6 44. Qh4 Qxf5 45. h7 e4 46. h8=Q Qf3+ 47. Kg1
e3 48. fxe3 Qxe3+ 49. Kg2 Qe2+ 50. Kh3 Qf1+ 51. Kg4 Qd1+ 52. Kg5 Qxc2 53. Qf6
Qd2+ 54. Qhf4 Qd5+ 55. Kh6 a5 56. g4 b4 57. g5 bxc3 58. bxc3 1-0

[Event "Chessable Masters Div 2 W"]
[Site "chess.com INT"]
[Date "2023.04.03"]
[Round "1.1"]
[White "Chigaev, Maksim"]
[Black "Oparin, Grigoriy"]
[Result "1/2-1/2"]
[WhiteTitle "GM"]
[BlackTitle "GM"]
[WhiteElo "2617"]
[BlackElo "2667"]
[WhiteFideId "4108116"]
[BlackFideId "24125890"]
[EventDate "2023.04.03"]
[EventType "k.o."]

1. e4 e5 2. Nf3 Nc6 3. Bc4 Nf6 4. d3 Bc5 5. a4 d6 6. a5 a6 7. c3 h6 8. O-O O-O
9. h3 Ba7 10. Be3 Be6 11. Bxa7 Bxc4 12. dxc4 Nxa7 13. Re1 c5 14. Nbd2 Nc6 15.
Qa4 Qc7 16. Nf1 Rfb8 17. Ne3 b6 18. axb6 Rxb6 19. Nd5 Nxd5 20. cxd5 Ne7 21. b3
f5 22. Nd2 fxe4 23. Qxe4 Rf8 24. Nc4 Rxb3 25. Rxa6 Nf5 26. Qc2 Rbb8 27. Rea1 Qe7
28. Qe4 Qf6 29. R1a2 Rb7 30. Kh2 Rd7 31. Ra8 Rf7 32. R2a7 Rxa7 33. Rxa7 Ne7 34.
Rd7 Nf5 35. Qg4 Rf7 36. Rxf7 Qxf7 37. Qe4 Qf6 38. Kg1 Ne7 39. Ne3 Qf4 40. Qb1 e4
41. Qb7 Kf7 42. Qd7 Qe5 43. g3 h5 44. h4 Kf6 45. c4 Kf7 46. Kg2 Qf6 47. Qd8 Qf3+
48. Kg1 Qf6 49. Qc7 Qa1+ 50. Kg2 Qf6 51. Qb7 Qf3+ 52. Kg1 Qf6 53. Qb1 Qe5 54.
Qd1 Kg6 55. Ng2 Kh6 56. Qc1+ Kh7 57. Qf4 Ng6 58. Qf7 Qa1+ 59. Kh2 Qf6 60. Qxf6
gxf6 61. Ne3 Ne5 62. Kg2 Kg6 63. Kf1 f5 64. Ke2 Kf6 65. Kd2 1/2-1/2

[Event "Chessable Masters Div 2 W"]
[Site "chess.com INT"]
[Date "2023.04.03"]
[Round "1.2"]
[White "Oparin, Grigoriy"]
[Black "Chigaev, Maksim"]
[Result "1/2-1/2"]
[WhiteTitle "GM"]
[BlackTitle "GM"]
[WhiteElo "2667"]
[BlackElo "2617"]
[WhiteFideId "24125890"]
[BlackFideId "4108116"]
[EventDate "2023.04.03"]
[EventType "k.o."]

1. d4 Nf6 2. c4 g6 3. Nc3 Bg7 4. e4 d6 5. h3 e5 6. d5 Na6 7. Bd3 Nc5 8. Bc2 a5
9. Be3 Bd7 10. Nge2 c6 11. dxc6 Bxc6 12. f3 O-O 13. O-O Nh5 14. Qd2 Nf4 15. Nxf4
exf4 16. Bxf4 Qb6 17. Kh1 Qxb2 18. Nd5 Bxd5 19. cxd5 Rfc8 20. a4 Bc3 21. Qf2 Nd3
22. Bxd3 Qxf2 23. Rxf2 Bxa1 24. Bxd6 Rc1+ 25. Kh2 Bd4 26. Re2 Rd8 27. Bf4 Rcc8
28. Bb5 f6 29. Bd2 b6 30. f4 Rc2 31. Kg3 Kf7 32. Kf3 f5 33. g4 fxe4+ 34. Kxe4
Bc5 35. f5 gxf5+ 36. gxf5 Bb4 37. Bg5 Rxe2+ 38. Bxe2 Re8+ 39. Kf3 Re5 40. Bd3
Re1 41. Bf4 Ke7 42. d6+ Bxd6 43. f6+ Ke6 44. Bc4+ Kd7 45. Bb5+ Ke6 46. Bc4+ Kd7
47. Bb5+ Ke6 48. Bc4+ 1/2-1/2

[Event "Chessable Masters Div 2 W"]
[Site "chess.com INT"]
[Date "2023.04.03"]
[Round "1.3"]
[White "Chigaev, Maksim"]
[Black "Oparin, Grigoriy"]
[Result "0-1"]
[WhiteTitle "GM"]
[BlackTitle "GM"]
[WhiteElo "2617"]
[BlackElo "2667"]
[WhiteFideId "4108116"]
[BlackFideId "24125890"]
[EventDate "2023.04.03"]
[EventType "k.o."]

1. e4 e5 2. Nf3 Nc6 3. Bc4 Nf6 4. d3 Bc5 5. a4 a5 6. Be3 Bxe3 7. fxe3 d6 8. Nc3
Be6 9. Bxe6 fxe6 10. Qe2 O-O 11. O-O-O Qe7 12. Kb1 d5 13. h3 Rad8 14. Rhf1 Qb4
15. exd5 exd5 16. d4 Rfe8 17. Qb5 e4 18. Nd2 Qxb5 19. Nxb5 Rd7 20. g4 Nb4 21. c3
Nd3 22. c4 c6 23. Nc3 b6 24. cxd5 cxd5 25. Rf5 h6 26. Nb3 Re6 27. Nc1 g6 28.
Rff1 Nb4 29. N1e2 Kg7 30. Rd2 Nh7 31. Nf4 Rc6 32. h4 Nf6 33. Rg2 g5 34. Nfe2
gxh4 35. g5 Nh5 36. gxh6+ Kh7 37. Rh2 Ng3 38. Nxg3 hxg3 39. Rg2 Rxh6 40. Rxg3
Rg7 41. Rxg7+ Kxg7 42. Kc1 Rh2 43. Kb1 Rh3 44. Rf5 Rh1+ 0-1

[Event "Chessable Masters Div 2 W"]
[Site "chess.com INT"]
[Date "2023.04.03"]
[Round "1.4"]
[White "Oparin, Grigoriy"]
[Black "Chigaev, Maksim"]
[Result "1-0"]
[WhiteTitle "GM"]
[BlackTitle "GM"]
[WhiteElo "2667"]
[BlackElo "2617"]
[WhiteFideId "24125890"]
[BlackFideId "4108116"]
[EventDate "2023.04.03"]
[EventType "k.o."]

1. d4 Nf6 2. c4 g6 3. Nf3 Bg7 4. g3 O-O 5. Bg2 d6 6. O-O Nbd7 7. Nc3 e5 8. e4
exd4 9. Nxd4 Nc5 10. Qc2 Re8 11. Rd1 a5 12. Bg5 h6 13. Bf4 Nh7 14. Ndb5 Bg4 15.
f3 Bd7 16. Be3 b6 17. Re1 h5 18. Rad1 h4 19. gxh4 Nf6 20. Bg5 Ne6 21. f4 Nxg5
22. hxg5 Nh5 23. Qf2 a4 24. e5 Ra5 25. exd6 Rxe1+ 26. Qxe1 cxd6 27. Rxd6 Nxf4
28. Qd2 Qxg5 29. Rxd7 a3 30. Rd5 Qh6 31. Rd8+ Kh7 32. b4 Bxc3 33. Qd7 Ne2+ 34.
Kf2 Qf4+ 35. Kxe2 Bxb4 36. Qd4 Qxd4 37. Rxd4 1-0

[Event "Chessable Masters Div 2 W"]
[Site "chess.com INT"]
[Date "2023.04.03"]
[Round "1.1"]
[White "Yu, Yangyi"]
[Black "Kramnik, Vladimir"]
[Result "0-1"]
[WhiteTitle "GM"]
[BlackTitle "GM"]
[WhiteElo "2729"]
[BlackElo "2753"]
[WhiteFideId "8603820"]
[BlackFideId "4101588"]
[EventDate "2023.04.03"]
[EventType "k.o."]

1. e4 c5 2. Nf3 d6 3. d4 cxd4 4. Nxd4 Nf6 5. Nc3 a6 6. Bg5 e6 7. f4 Nbd7 8. Qe2
Qc7 9. O-O-O b5 10. a3 Be7 11. g4 Bb7 12. Rg1 h6 13. Bh4 Rc8 14. Be1 g5 15. h4
Rg8 16. hxg5 hxg5 17. f5 e5 18. Nb3 Nb6 19. Kb1 Rh8 20. Rg3 Rh1 21. Bg2 Rh2 22.
Rh3 Rxh3 23. Bxh3 Qc4 24. Qe3 Na4 25. Na5 Nxc3+ 26. Bxc3 Qxe4 27. Qxg5 Qf3 28.
Rd3 Qh1+ 29. Qc1 Qxc1+ 30. Kxc1 Be4 31. g5 Bxd3 32. gxf6 Be4 33. fxe7 f6 34. Nb3
Kxe7 35. Nd2 Bc6 36. Bf1 Rh8 37. b3 Rh5 38. Bd3 d5 39. Bb4+ Kd7 40. Kb2 Rh2 41.
Nf3 Rf2 42. Nh4 e4 43. Be1 exd3 0-1

[Event "Chessable Masters Div 2 W"]
[Site "chess.com INT"]
[Date "2023.04.03"]
[Round "1.2"]
[White "Kramnik, Vladimir"]
[Black "Yu, Yangyi"]
[Result "1/2-1/2"]
[WhiteTitle "GM"]
[BlackTitle "GM"]
[WhiteElo "2753"]
[BlackElo "2729"]
[WhiteFideId "4101588"]
[BlackFideId "8603820"]
[EventDate "2023.04.03"]
[EventType "k.o."]

1. e4 e5 2. Nf3 Nf6 3. Nxe5 d6 4. Nf3 Nxe4 5. Nc3 Nxc3 6. dxc3 Be7 7. Bf4 Nd7 8.
Qd2 O-O 9. O-O-O Nc5 10. h4 Bg4 11. Re1 Re8 12. Nd4 Bf8 13. Rxe8 Qxe8 14. f3 Bd7
15. h5 Ne6 16. Be3 Nxd4 17. cxd4 Qe7 18. Bc4 h6 19. g4 Re8 20. Bf4 b5 21. Bd3
Bc6 22. Rf1 Qh4 23. b3 Bd7 24. Kb1 a6 25. Qa5 c5 26. dxc5 dxc5 27. Qxa6 Re1+ 28.
Rxe1 Qxe1+ 29. Bc1 c4 30. Be4 Bxg4 31. Qxb5 cxb3 32. axb3 Bxh5 33. c4 Qd1 34.
Qb7 Bg6 35. Bxg6 fxg6 36. Qd5+ Qxd5 37. cxd5 Bd6 38. Kc2 h5 39. Kd3 h4 40. Ke2
h3 41. Kf2 Kf7 42. Bg5 h2 43. Kg2 Bg3 44. b4 Ke8 45. Be3 Kd7 46. Bc5 Bd6 47.
Bxd6 Kxd6 48. Kxh2 Kxd5 49. Kg3 Kc4 50. Kg4 Kxb4 51. Kg5 Kc4 52. Kxg6 Kd4 53. f4
Ke4 54. f5 Kf4 55. Kxg7 Kxf5 1/2-1/2

[Event "Chessable Masters Div 2 W"]
[Site "chess.com INT"]
[Date "2023.04.03"]
[Round "1.3"]
[White "Yu, Yangyi"]
[Black "Kramnik, Vladimir"]
[Result "1-0"]
[WhiteTitle "GM"]
[BlackTitle "GM"]
[WhiteElo "2729"]
[BlackElo "2753"]
[WhiteFideId "8603820"]
[BlackFideId "4101588"]
[EventDate "2023.04.03"]
[EventType "k.o."]

1. e4 c5 2. Nf3 d6 3. d4 cxd4 4. Nxd4 Nf6 5. Nc3 a6 6. Bg5 e6 7. f4 Nbd7 8. Qe2
Qc7 9. O-O-O b5 10. a3 Be7 11. g4 h6 12. Bh4 Bb7 13. Rg1 Rc8 14. Be1 g5 15. h4
Rg8 16. hxg5 hxg5 17. f5 e5 18. Nb3 Rh8 19. Kb1 Nb6 20. Na5 Ba8 21. Rg3 Nc4 22.
Nxc4 Qxc4 23. Qxc4 Rxc4 24. Bxc4 bxc4 25. Nd5 Nxd5 26. exd5 Rh1 27. Re3 Rf1 28.
Kc1 Kd7 29. b3 Rf4 30. Rg3 cxb3 31. Rxb3 Kc8 32. Ba5 Rxg4 33. Rdd3 Rc4 34. Rbc3
Rxc3 35. Rxc3+ Kb8 36. Rb3+ Bb7 37. c4 g4 38. Kd1 Ka8 39. Bc7 Ka7 40. Ke2 f6 41.
Ke3 g3 42. Ke4 Bc8 43. Rxg3 Kb7 44. Ba5 Bf8 45. Rh3 Bd7 46. Rh7 Kc8 47. Rh8 1-0

[Event "Chessable Masters Div 2 W"]
[Site "chess.com INT"]
[Date "2023.04.03"]
[Round "1.4"]
[White "Kramnik, Vladimir"]
[Black "Yu, Yangyi"]
[Result "1-0"]
[WhiteTitle "GM"]
[BlackTitle "GM"]
[WhiteElo "2753"]
[BlackElo "2729"]
[WhiteFideId "4101588"]
[BlackFideId "8603820"]
[EventDate "2023.04.03"]
[EventType "k.o."]

1. e4 e5 2. Nf3 Nf6 3. Nxe5 d6 4. Nf3 Nxe4 5. Nc3 Nxc3 6. dxc3 Be7 7. Bf4 Nd7 8.
Qd2 O-O 9. O-O-O Nc5 10. h4 Re8 11. Ng5 h6 12. Bc4 Be6 13. Nxe6 Nxe6 14. Kb1 Bf8
15. g4 Nxf4 16. Qxf4 Qf6 17. Qg3 Qe5 18. Qf3 Qf6 19. Qxb7 Rab8 20. Qxa7 Qxc3 21.
Bb3 Qc6 22. Rh3 Rb7 23. Qd4 Re2 24. Rc3 Qe8 25. Qd5 Rb5 26. Qf3 Re7 27. a4 Rbe5
28. Qc6 Qb8 29. Ka2 g6 30. f4 Ra5 31. f5 gxf5 32. g5 Bg7 33. Rc4 hxg5 34. hxg5
Kf8 35. Rh4 Qa8 36. Qc4 Rc5 37. Qd3 Re4 38. Rdh1 Rxh4 39. Rxh4 Qg2 40. Rb4 Qxg5
41. Rb8+ Ke7 42. Rg8 Qf6 43. c3 Qe5 44. Qd1 d5 45. Qg1 d4 46. Qxg7 Qxg7 47. Rxg7
dxc3 48. Rxf7+ Kd6 49. bxc3 Ke5 50. Kb2 f4 51. Kc2 Ke4 52. Re7+ Kf3 53. Kd3 Kg3
54. Rg7+ Kf2 55. Rf7 Kf3 56. Kd4 Ra5 57. Bd5+ Kg3 58. Bc6 Ra7 59. c4 Kg4 60. Kc5
Ra5+ 61. Kb4 Ra7 62. a5 Kg3 63. Kb5 Kg4 64. a6 Kg3 65. Bb7 1-0

[Event "Chessable Masters Div 2 W"]
[Site "chess.com INT"]
[Date "2023.04.04"]
[Round "2.1"]
[White "Vachier-Lagrave, Maxime"]
[Black "Praggnanandhaa, R"]
[Result "1-0"]
[WhiteTitle "GM"]
[BlackTitle "GM"]
[WhiteElo "2741"]
[BlackElo "2688"]
[WhiteFideId "623539"]
[BlackFideId "25059530"]
[EventDate "2023.04.03"]
[EventType "k.o."]

1. e4 e5 2. Nf3 Nc6 3. Bb5 a6 4. Ba4 Nf6 5. O-O Nxe4 6. d4 b5 7. Bb3 d5 8. dxe5
Be6 9. c3 Be7 10. Bc2 Bg4 11. Qe1 Nc5 12. Nbd2 Ne6 13. Qe2 O-O 14. Re1 Qd7 15.
Qd3 g6 16. Qf1 f6 17. h3 Bxh3 18. gxh3 fxe5 19. Nxe5 Nxe5 20. Rxe5 Nf4 21. Re3
Bc5 22. Rf3 Qe7 23. Kh1 Ne2 24. Bd1 Nxc1 25. Rxc1 Qg5 26. Nb3 Bd6 27. Qg2 Qe5
28. Re3 Qf4 29. Bf3 Rae8 30. Rce1 Rxe3 31. Rxe3 Rf5 32. Nd4 Re5 33. Bxd5+ Kh8
34. Rxe5 Qxe5 35. Be4 c5 36. Ne2 c4 37. Kg1 b4 38. Qf3 a5 39. Kf1 a4 40. Qe3 a3
41. bxa3 Bc5 42. Qf4 Qxf4 43. Nxf4 bxc3 44. Ne2 1-0

[Event "Chessable Masters Div 2 W"]
[Site "chess.com INT"]
[Date "2023.04.04"]
[Round "2.2"]
[White "Praggnanandhaa, R"]
[Black "Vachier-Lagrave, Maxime"]
[Result "0-1"]
[WhiteTitle "GM"]
[BlackTitle "GM"]
[WhiteElo "2688"]
[BlackElo "2741"]
[WhiteFideId "25059530"]
[BlackFideId "623539"]
[EventDate "2023.04.03"]
[EventType "k.o."]

1. d4 Nf6 2. c4 e6 3. Nc3 Bb4 4. a3 Bxc3+ 5. bxc3 d6 6. e4 e5 7. Bd3 c5 8. Ne2
Nc6 9. O-O O-O 10. d5 Ne7 11. f4 exf4 12. Bxf4 Ng4 13. h3 Ne5 14. Bxe5 dxe5 15.
a4 Bd7 16. a5 Nc8 17. Qd2 Nd6 18. Ng3 Qh4 19. Qe3 Rac8 20. Rf2 f6 21. Nf1 h6 22.
Kh2 Qg5 23. Qe1 f5 24. exf5 e4 25. Bxe4 Rce8 26. Re2 Nxc4 27. Ng3 Nd6 28. Qf2 h5
29. Qxc5 Nxe4 30. Nxe4 Qf4+ 31. g3 Qxf5 32. Qd4 Qxh3+ 33. Kg1 Rf3 34. Rae1 Rxg3+
35. Nxg3 Qxg3+ 0-1